[Event "28th WSCC Open 65 2018"]
[Site "Bled"]
[Date "2018.11.22"]
[Round "5"]
[White "Maryasin, Boris"]
[Black "Norman, Kenneth I"]
[Result "1-0"]
[WhiteElo "2284"]
[BlackElo "2099"]
[Annotator "TA"]
[PlyCount "43"]
[EventDate "2018.11.17"]
[EventType "swiss"]
[EventCountry "SLO"]
[SourceTitle "playchess.com"]
[Source "ChessBase"]
[SourceQuality "1"]

{[%evp 16,43,14,0,53,56,70,28,35,12,52,22,94,99,87,87,85,85,84,81,127,124,126,87,88,98,129,127,29994,29995]} 1. e4 e5 2. Nf3 Nc6 3. Bc4 Bc5 4. c3 Nf6 5. d4 exd4 6. e5 d5 7. Bb5 Ne4 8. cxd4 Bb6 9. Nc3 {LiveBook: 204 Games. C54: Giuoco Piano: 4 c3 Nf6, main lines with 5 d4 and 5 d3} (9. h3 {keeps more tension.} f6 10. O-O O-O 11. Nc3 fxe5 12. Bxc6 bxc6 13. Nxe4 dxe4 14. Qb3+) 9... Nxc3 (9... O-O $11) (9... O-O 10. Be3 Bg4 11. h3 Bh5 12. Qc2 Bg6 13. Qb3 Ne7 14. O-O c6 15. Bd3 Kh8 16. Nh4 c5 17. Nxg6+ fxg6 18. Bxe4 cxd4 19. Nxd5 Nxd5 {1-0 (51) Jones,G (2677)-Aronian,L (2780) Douglas 2018}) 10. bxc3 $14 O-O 11. Bg5 {White is slightly better.} Ne7 12. Bd3 Be6 13. Qd2 f6 $146 (13... Qd7 $11 {remains equal.}) ({Predecessor:} 13... Qd7 14. Nh4 c5 15. Be3 cxd4 16. cxd4 Rac8 {½-½ (24) Aledo Lopez,A (2045)-Kruijf,C (1970) Benidorm 2007}) 14. exf6 $16 gxf6 15. Bh6 $36 {[%mdl 2048] White is really pushing.} Rf7 16. Nh4 Qd7 17. O-O Nf5 18. Nxf5 Bxf5 19. Rae1 {Strongly threatening Bxf5.} Bxd3 20. Qxd3 Re8 21. Qf3 {Qg4+! would kill now.} c6 $2 {[%mdl 8192] [#]} (21... Rd8 $16 22. Re2 c5) 22. Qg4+ $1 {[%mdl 512] Accuracy: White = 55%, Black = 27%.} 1-0

[Event "28th WSCC Open 65 2018"]
[Site "Bled"]
[Date "2018.11.22"]
[Round "5"]
[White "Ackermann, Hans Werner"]
[Black "Vepkhvishvili, Varlam"]
[Result "1-0"]
[WhiteElo "2272"]
[BlackElo "2073"]
[Annotator "TA"]
[PlyCount "97"]
[EventDate "2018.11.17"]
[EventType "swiss"]
[EventCountry "SLO"]
[SourceTitle "playchess.com"]
[Source "ChessBase"]
[SourceQuality "1"]

{[%evp 9,97,0,6,5,-1,-15,14,0,0,0,0,0,0,-43,6,-20,-6,-14,-8,-16,-19,-11,-5,-27,-29,-109,-46,-52,-26,-65,-58,-55,-54,-142,-158,-158,-98,-100,-96,-96,-86,-88,-91,-93,-47,-54,0,0,0,-28,-26,-475,275,284,288,91,118,91,191,0,0,10,29,22,27,23,27,0,0,0,0,0,10,0,0,0,0,0,0,0,0,0,741,730,664,668,1078,1051,1005,973]} 1. Nf3 d5 2. e3 c6 (2... Nf6 3. c4 e6 4. Nc3 dxc4 5. Bxc4 a6 6. O-O b5 7. Bb3 Bb7 8. d4 Nbd7 9. Qe2 c5 10. Rd1 Qb8 11. e4 cxd4 12. Nxd4 Bd6 13. g3 O-O 14. f3 Rc8 15. Be3 Nf8 16. Rac1 h5 17. Qd2 Rd8 18. Nce2 h4 19. Bg5 hxg3 20. Bxf6 gxf6 21. Qh6 {1-0 (31) Svidler,P (2756)-Shankland,S (2722) Hoogeveen 2018}) 3. b3 Bf5 4. Nh4 $146 ({Predecessor:} 4. Bb2 e6 5. d3 h6 6. Nbd2 Nf6 7. Qe2 Bc5 8. g3 Qe7 9. a3 Nbd7 10. Bg2 {½-½ (26) Dzagnidze,N (2516)-Stefanova,A (2531) Porto Carras 2011}) 4... Bd7 5. Bb2 e5 6. g3 {A06: Réti Opening:1 Nf3 d5} Bd6 7. d3 g5 8. Nf3 {The position is equal.} f6 9. c4 h5 10. Nc3 Ne7 11. Qc2 Na6 12. a3 h4 $36 {[%mdl 2048] Black has the initiative.} 13. gxh4 g4 14. Nd2 Rxh4 15. Bg2 {[%cal Rc4d5]} Be6 16. b4 Qd7 17. Qa4 (17. O-O-O $11) 17... Rd8 (17... O-O-O $17) 18. O-O-O $1 $15 Bb8 19. Nb3 Kf7 20. Kb1 Qc8 21. b5 (21. Nd2 $15) 21... dxc4 $17 22. dxc4 {[#]} Rxd1+ (22... g3 $142 $1 {[%mdl 512]} 23. Ne4 (23. bxa6 $2 b5 $19) (23. hxg3 $2 Rxc4 24. Rh7+ Kf8 $19) (23. fxg3 Rxc4) 23... cxb5 24. cxb5 Rxd1+ 25. Rxd1 Rxh2) 23. Nxd1 cxb5 24. cxb5 Nc5 25. Nxc5 Qxc5 26. Nc3 Bc4 {And now ...g3! would win.} 27. Ka1 b6 ({Black should play} 27... f5 $1 $15) 28. h3 $11 Be6 29. hxg4 Rxg4 {[%mdl 64] Double Attack} 30. Ne4 $2 {[%mdl 8192]} (30. Rh7+ $11 {and White has nothing to worry.} Kg6 31. Be4+ (31. Qc2+ $2 Bf5 $19) 31... f5 32. Qd1 fxe4 33. Rh8) 30... Qc8 $4 {[%mdl 8192]} (30... Qd5 $19 {[%csl Ge6][%cal Rd5a2] and all is fine.} 31. Ng5+ fxg5 32. Bxd5 Rxa4 33. Rh7+ Kg6 34. Rxe7 Bxd5) 31. Bf3 $18 Rg7 32. Nc3 $2 (32. Bh5+ $18 {and the rest is easy.} Ng6 33. f4 $1 {[%mdl 512]}) 32... Nf5 33. Rc1 Qc4 {[#]} (33... Rh7 $16) 34. Qxc4 $2 (34. Qd1 $1 $18) 34... Bxc4 $11 35. a4 Nd6 36. Ba3 {Threatens to win with Bxd6.} Ke6 37. Kb2 f5 38. Rh1 {aiming for Rh6+.} e4 39. Rh6+ Ke5 40. Be2 {Strongly threatening Bxd6+.} (40. Bd1 {looks sharper.} Rg2 41. Kc1 Rxf2 42. Bb2 Rf1 43. Kd2) 40... Bxe2 41. Bxd6+ Bxd6 42. Nxe2 {[%mdl 4096] Endgame Black must now prevent Nf4. KRB-KRN} Kd5 43. Nc3+ Ke5 44. Kb3 Rg2 45. Nd1 f4 $2 {[%mdl 8192]} (45... Rg1 $11 46. Nb2 Kd5) 46. exf4+ $18 {[%mdl 64] Overworked Piece. White is clearly winning.} Kxf4 47. Rxd6 Kf3 48. Rf6+ Ke2 49. Nc3+ {[%mdl 64] Double Attack. Accuracy: White = 37%, Black = 49%.} 1-0

[Event "28th WSCC Open 65 2018"]
[Site "Bled"]
[Date "2018.11.22"]
[Round "5"]
[White "Lederman, Leon"]
[Black "Renman, Nils-Gustaf"]
[Result "0-1"]
[WhiteElo "2255"]
[BlackElo "2351"]
[Annotator "TA"]
[PlyCount "74"]
[EventDate "2018.11.17"]
[EventType "swiss"]
[EventCountry "SLO"]
[SourceTitle "playchess.com"]
[Source "ChessBase"]
[SourceQuality "1"]

{[%evp 16,74,24,-4,0,-30,-16,-23,-18,-44,141,88,107,48,51,55,39,0,0,-18,-23,-81,-81,-77,-77,-85,-42,-144,-139,-132,-42,-85,-72,-97,-72,-516,-497,-400,-325,-512,-503,-556,-535,-1513,-1310,-2130,-2056,-2529,-2577,-2502,-2501,-2121,-2197,-1954,-1906,-29984,-2368,-29985,-2078,-1352,-1266]} 1. e4 e6 2. d4 d5 3. Nc3 Nf6 4. e5 Nfd7 5. f4 c5 6. Nf3 Nc6 7. Be3 a6 8. Qd2 b5 9. Ne2 b4 {C11: French: Classical System: 4 e5 and 4 Bg5 dxe4} (9... Qb6 10. c3 f6 11. Rd1 Be7 12. exf6 Nxf6 13. dxc5 Bxc5 14. Bxc5 Qxc5 15. Ned4 Ne4 16. Qe3 O-O 17. Bd3 Nxd4 18. Nxd4 {½-½ (38) Saric,I (2584)-Sieciechowicz,M (2445) Chotowa 2010}) 10. g4 Be7 $146 ({Predecessor:} 10... a5 11. f5 cxd4 12. Nexd4 Ndxe5 13. Nxe5 Nxe5 14. fxe6 fxe6 15. O-O-O Bd7 16. Bb5 Bxb5 17. Nxe6 {0-1 (41) Staroverov,A (2284)-Skorchenko,D (2436) Krasnodar 2003}) 11. Ng3 O-O {Black has an edge.} 12. g5 f5 $2 (12... Qb6 $15 {stays ahead.}) 13. gxf6 ({White should play} 13. exf6 gxf6 14. gxf6 Rxf6 15. Nh5) 13... gxf6 $16 14. Bh3 (14. O-O-O $16) 14... Kh8 $14 15. O-O-O fxe5 16. Nxe5 (16. dxe5 $14 Nb6 17. Kb1) 16... Ndxe5 $11 ({Don't play} 16... Nxd4 $6 17. Bxd4 cxd4 18. Nc6 $16 (18. Qxd4 Nxe5 19. Qxe5+ Bf6 $11)) 17. fxe5 cxd4 18. Bxd4 (18. Bh6 $11 Rg8 19. Nh5) 18... Nxd4 $17 19. Qxd4 {[#]} Rf4 $1 {[%cal Rf4d4][%mdl 512]} 20. Qd3 (20. Qxf4 Bg5) 20... Bd7 {[%cal Bc8d7,Bd7e8,Be8g6][%mdl 32]} 21. Kb1 {[#]} (21. Nh5 $1 $15 Rh4 22. Nf6) 21... Rh4 $1 {[%cal Rh4h3]} 22. Bf1 Bg5 (22... a5 $17 {White must now prevent ...Qc7.} 23. Qf3 Qf8) 23. Be2 Qc7 $36 {[%mdl 2048] White is under strong pressure.} 24. Rde1 Be8 25. Bd1 $2 {[%mdl 8192]} (25. Qf3 $17 {is more resistant.} Bb5 26. Bd3) 25... Bg6 $19 26. Qf3 Rc8 27. Qg2 (27. Ka1 {is a better defense.}) 27... Bf4 28. Qe2 a5 29. b3 Qc3 {Hoping for ...a4.} 30. Rhf1 d4 31. Ne4 Bxe4 32. Qxe4 {[#]} Bc1 $1 {[%mdl 512]} 33. Kxc1 Rxe4 34. Rxe4 d3 {[%cal Rd3c2]} 35. Rf2 Qa1+ 36. Kd2 dxc2 (36... Rd8 $142 37. Rc4 dxc2+ 38. Kxc2 a4 39. Rxb4 a3 40. Rf8+ Rxf8 41. Rb6 Qxa2+ 42. Kd3 Qb1+ 43. Bc2 Qf1+ 44. Ke3 Qf2+ 45. Kd3 a2 46. h3 a1=Q 47. Rd6 Rf3+ {[%mdl 64] Double Attack} 48. Kc4 Qxc2+ {[%mdl 64] Double Attack} 49. Kb5 Rxb3#) 37. Bxc2 {[#]} Rxc2+ $1 {[%mdl 512] Accuracy: White = 28%, Black = 66%.} 0-1

[Event "28th WSCC Open 65 2018"]
[Site "Bled"]
[Date "2018.11.22"]
[Round "5"]
[White "Gruzmann, Boris"]
[Black "Lisenko, Alexander V"]
[Result "0-1"]
[WhiteElo "2215"]
[BlackElo "2334"]
[Annotator "TA"]
[PlyCount "94"]
[EventDate "2018.11.17"]
[EventType "swiss"]
[EventCountry "SLO"]
[SourceTitle "playchess.com"]
[Source "ChessBase"]
[SourceQuality "1"]

{[%evp 23,94,-5,-11,-18,-18,-60,-57,-66,-62,-56,-49,-58,-14,-23,-16,-31,0,-33,-8,-94,-55,-103,-78,-172,-155,-152,-110,-114,-106,-196,0,0,0,-22,0,0,0,0,0,-81,-83,-89,-84,-58,-86,-67,-23,-256,-231,-284,-218,-199,-207,-189,-207,-480,-500,-457,-447,-656,-321,-339,-342,-841,-825,-1018,-1017,-1016,-985,-5065,-4604,-1450,-1472]} 1. e4 c5 2. Nf3 Nc6 3. d4 cxd4 4. Nxd4 Nf6 5. Nc3 d6 6. Bg5 e6 7. Qd2 Be7 8. O-O-O Nxd4 9. Qxd4 O-O 10. f4 Qa5 11. Bc4 Bd7 12. Kb1 {B65: Sicilian: Richter-Rauzer: 7...Be7 8 0-0-0 0-0 9 f4 Nxd4} (12. e5 dxe5 13. fxe5 Bc6 14. Bd2 Nd7 15. Nd5 Qc5 16. Nxe7+ Qxe7 17. Rhe1 Nb6 18. Bf1 Rfd8 19. Qf4 Rac8 20. Kb1 Ba4 21. b3 Qc5 22. c4 Rd4 23. Be3 Rxf4 24. Bxc5 Bc6 25. Kb2 h5 26. g3 {1-0 (39) Karjakin,S (2767)-Wang,H (2743) Stavanger 2013}) 12... Bc6 {LiveBook: 4 Games} 13. e5 dxe5 14. fxe5 {[%cal Rg5f6] The position is equal.} Rad8 15. Qf4 {[%mdl 64] [#] Pin} Nh5 $146 ({Predecessor:} 15... Nd5 16. Bxd5 Bxg5 17. Qxg5 Bxd5 18. Rd3 f6 19. Qg4 fxe5 20. Nxd5 exd5 21. Qe6+ Kh8 22. Qxe5 {0-1 (49) Amonatov,F (2557)-Kharlov,A (2591) chessassistantclub.com INT 2004}) 16. Qh4 Bxg5 17. Qxg5 g6 18. Rhf1 Rxd1+ 19. Rxd1 Qc5 20. Bb3 (20. g4 $5 {[%cal Rg4h5]} Qxc4 21. gxh5 $11) 20... Ng7 21. h4 (21. a3 $11 {remains equal.}) 21... b5 22. a3 a5 {[%cal Ba7a5,Ba5a4][%mdl 32]} 23. Ne2 (23. g4 $17 {was necessary.}) 23... a4 $1 $19 {[%cal Ra4b3]} 24. Ba2 Nf5 25. g4 Ne3 (25... Qxe5 $2 26. Nd4 $1 $16 {[%mdl 512]}) 26. Rd2 {[#]} (26. Rc1 $17) 26... Nc4 $2 (26... Nxc2 $1 $19 {[%mdl 512]} 27. Rxc2 Be4) 27. Bxc4 $11 Qxc4 28. Nc3 Bf3 $40 {[%mdl 128] Black has some attack.} 29. Rd8 {And now Rxf8+ would win.} Qxg4 30. Rxf8+ Kxf8 31. Qd8+ (31. Nxb5 $11 {keeps the balance.} Qh3 32. Qd8+ Kg7 33. Qf6+ Kh6 34. Qf4+ Kg7 35. Qf6+ (35. Qxa4 $2 Qf1+ 36. Ka2 Bd5+ 37. b3 Bc6 $19) 35... Kh6 36. Qf4+ Kg7 37. Qf6+ (37. Qxa4 $2 Qf1+ 38. Ka2 Bd5+ 39. b3 Bc6 $19)) 31... Kg7 $17 32. Qf6+ Kh6 33. Qxf7 Bd5 {( -> ...Qg1+)} 34. Qf2 Bc4 35. Na2 $2 (35. b3 $11 axb3 36. cxb3 Bxb3 37. Kb2) 35... Kh5 $19 36. Nc1 h6 37. b3 {[#]} axb3 $1 38. cxb3 Bd5 39. Kb2 $2 (39. Ne2 Qe4+ {[%mdl 64] Double Attack} 40. Kb2 Qxe5+ 41. Nc3) 39... Qg2 40. Qxg2 Bxg2 {[%mdl 4096] Endgame KB-KN} 41. Nd3 (41. Ne2 $142 g5 42. hxg5 Kxg5 43. Kc3) 41... Be4 (41... g5 $142 42. hxg5 Kxg5) 42. Kc3 Kxh4 43. Kd4 $2 (43. Nc5 Bd5 44. Na6) 43... Bd5 {Black is clearly winning.} 44. a4 bxa4 45. bxa4 Kg3 46. Ke3 g5 47. Nb4 Bb7 {Accuracy: White = 29%, Black = 65%.} 0-1

[Event "28th WSCC Open 65 2018"]
[Site "Bled"]
[Date "2018.11.22"]
[Round "5"]
[White "Privara, Igor"]
[Black "Kiefer, Gerhard"]
[Result "1/2-1/2"]
[WhiteElo "2207"]
[BlackElo "2306"]
[Annotator "TA"]
[PlyCount "53"]
[EventDate "2018.11.17"]
[EventType "swiss"]
[EventCountry "SLO"]
[SourceTitle "playchess.com"]
[Source "ChessBase"]
[SourceQuality "1"]

{[%evp 9,53,24,33,-4,30,0,0,-11,-11,-11,-11,-11,-12,-20,-4,-23,-2,-48,-13,-11,-8,-20,-13,-55,-55,-55,-51,-54,-41,-77,-77,-77,-76,-96,-50,-47,-8,-8,-8,-8,0,0,0,0,0,0]} 1. e4 c5 2. c3 d5 3. exd5 Qxd5 4. d4 Nc6 5. Nf3 Bf5 6. Na3 {B22: Sicilian: 2 c3} Nf6 7. Bc4 Qe4+ 8. Be3 {[#] Hoping for Bxf7+!} e6 $1 9. O-O cxd4 10. Nxd4 Bxa3 $1 11. bxa3 O-O {[%cal Bh8f8,Bf8d8,Bd8d5,Bd5d3][%mdl 32]} 12. Bb3 $146 ({Predecessor:} 12. Be2 Bg4 13. Nxc6 bxc6 14. Bxg4 Nxg4 {½-½ (96) Hovhannisyan,R (2624)-Kovchan,A (2583) Al Ain 2015}) 12... Rfd8 13. Qc1 Nxd4 14. Bxd4 Qh4 15. Qe3 Nd5 16. Bxd5 Rxd5 17. Bxa7 Rd3 18. Qe5 f6 19. Qc7 Be4 20. f3 {[#] Threatens to win with Bf2.} Bc6 {White must now prevent ...Rd7.} 21. Rad1 Rxd1 22. Rxd1 Qa4 23. Rd8+ {The position is equal.} Rxd8 24. Qxd8+ Kf7 25. Qc7+ Kg6 26. Qg3+ Kf7 27. Qc7+ {Accuracy: White = 37%, Black = 51%.} 1/2-1/2

[Event "28th WSCC Open 65 2018"]
[Site "Bled"]
[Date "2018.11.22"]
[Round "5"]
[White "Frick, Christoph"]
[Black "Van Riemsdijk, Herman C."]
[Result "1-0"]
[WhiteElo "2186"]
[BlackElo "2270"]
[Annotator "TA"]
[PlyCount "85"]
[EventDate "2018.11.17"]
[EventType "swiss"]
[EventCountry "SLO"]
[SourceTitle "playchess.com"]
[Source "ChessBase"]
[SourceQuality "1"]

{[%evp 11,85,37,27,-22,0,-3,13,-17,0,-32,0,0,0,19,19,-30,-16,-34,-27,-45,-58,-53,-59,-41,-43,-65,-59,-61,-18,-16,-27,-62,-67,-54,-62,-67,-50,-57,-58,-47,-55,-46,0,-13,0,0,37,-104,0,0,0,0,384,384,509,487,511,518,533,504,611,477,466,410,518,466,635,514,992,516,545,539,1102,784,758,751]} 1. d4 c5 2. dxc5 e6 3. Nc3 Bxc5 4. Ne4 d5 5. Nxc5 Qa5+ 6. c3 {A43: Schmid Benoni} Qxc5 {LiveBook: 12 Games} 7. Be3 (7. e4 dxe4 8. Qg4 Qe5 9. Bf4 h5 10. Qg3 h4 11. Qg4 Qf6 12. Bxb8 Rxb8 13. Bb5+ Kf8 14. Qxe4 {½-½ (37) Mihok,O (2510)-Horvath,J (2534) Hungary 2015}) 7... Qc7 8. Nf3 {The position is equal.} Nf6 9. g3 e5 $146 ({Predecessor:} 9... Nbd7 10. Bg2 O-O 11. O-O b6 12. a4 Bb7 13. a5 Rfb8 {1-0 (34) Pokorny,P (2164)-Kosina,V (1734) Brno 2015}) 10. Qa4+ Nc6 11. Qa3 b6 12. Bg2 h6 13. b3 Ne7 14. O-O Bb7 15. Rac1 O-O 16. Rfd1 Rfe8 17. Bd2 Rad8 18. c4 d4 19. c5 Nc6 20. b4 {White wants to play b5.} b5 21. Qb3 Bc8 {[%cal Bb7c8,Bc8g4,Bg4e6][%mdl 32]} 22. e3 Bg4 23. h3 Be6 24. Qb2 {Black should prevent exd4.} Qc8 25. exd4 exd4 26. Kh2 Bc4 {next ...Re2 is good for Black.} 27. Bf4 {[%cal Rf3d4]} Re2 28. Rd2 Qe6 29. Bd6 {[#]} (29. Rxe2 $14 {stays ahead.} Bxe2 30. a3) 29... Rxd2 ({Black should try} 29... d3 $1 $17 30. Rxe2 Qxe2 31. Qxe2 dxe2) 30. Qxd2 $11 {Threatens to win with Re1.} Ne4 31. Nxd4 Rxd6 $4 {[%mdl 8192]} (31... Nxd4 $11 {and Black stays safe.} 32. Qxd4 Nxd6) 32. cxd6 $18 Nxd4 33. Qxd4 {[%mdl 64] [#] Double Attack} Nxd6 34. Qxa7 g6 35. a3 Nf5 36. Rd1 h5 37. Rd8+ Kg7 38. Qb8 {White is clearly winning.} h4 39. Rg8+ Kh7 (39... Kf6 $142 40. gxh4 Qe5+ 41. f4 Qe3 42. Qd8+ Qe7 43. Qxe7+ Nxe7) 40. Re8 hxg3+ 41. fxg3 Qa6 42. Qe5 {[%csl Ge5][%cal Re8h8]} Ng7 43. Ra8 {Accuracy: White = 49%, Black = 47%.} 1-0

[Event "28th WSCC Open 65 2018"]
[Site "Bled"]
[Date "2018.11.22"]
[Round "5"]
[White "Hartung-Nielsen, Jens"]
[Black "Cebalo, Miso"]
[Result "1/2-1/2"]
[WhiteElo "2186"]
[BlackElo "2262"]
[Annotator "TA"]
[PlyCount "90"]
[EventDate "2018.11.17"]
[EventType "swiss"]
[EventCountry "SLO"]
[SourceTitle "playchess.com"]
[Source "ChessBase"]
[SourceQuality "1"]

{[%evp 18,90,60,47,80,70,80,68,62,16,13,12,38,0,0,0,0,0,0,0,0,0,0,0,33,33,37,10,-7,-22,-7,-13,0,0,0,0,8,0,0,0,0,0,0,-74,-79,-64,-39,-37,-2,-2,-2,-3,-3,-8,0,0,0,-9,-12,-11,-11,-12,0,0,0,0,0,0,0,0,0,0,0,0,0]} 1. e4 c5 2. d4 cxd4 3. c3 d3 4. Bxd3 d6 5. Nf3 Nc6 6. h3 g6 {B21: Sicilian: 2 f4 and Morra Gambit} 7. O-O Bg7 8. c4 Nf6 9. Be3 (9. Nc3 Nd7 10. Nd5 O-O 11. Rb1 e6 12. Ne3 a5 13. Bc2 Nc5 14. a3 f5 15. exf5 gxf5 {1-0 (42) Berg,E (2539)-Blomqvist,E (2503) Gothenburg 2013}) 9... O-O 10. Nc3 {LiveBook: 63 Games} Bd7 11. Qd2 Rc8 12. Rac1 Qa5 13. Nd5 $146 ({Predecessor:} 13. a3 Be6 14. Qe2 {1-0 (56) Forcen Esteban,D (2378)-Navarro Alonso,J (2157) Spain 2011}) 13... Qxd2 14. Bxd2 e6 15. Ne3 Rfd8 16. Bc3 Be8 17. Rfd1 Nd7 18. Bxg7 Kxg7 19. Bb1 Nc5 20. Nd4 Kf6 21. Nb5 Ke7 22. Nc3 g5 23. Bd3 Ne5 24. Be2 a5 25. b3 Bc6 26. f3 h5 27. Kf2 Rg8 28. Rb1 g4 29. hxg4 hxg4 30. Nf1 (30. Nc2 $11 {keeps the balance.}) 30... gxf3 $17 31. gxf3 Rcf8 {aiming for ...f5.} 32. Ne3 Ng6 33. Rh1 {The position is equal.} Rh8 34. Ng2 Rfg8 35. Ke3 f5 36. exf5 exf5 37. Nd5+ Bxd5 38. cxd5 Kf6 39. Bb5 $1 Kg5 40. Rbg1 Rxh1 41. Rxh1 Rg7 42. Kd4 Re7 43. Rg1 {[#] Strongly threatening Nh4+!} Kf6 $1 44. Rh1 Kg5 45. Rg1 {Nh4+! is the strong threat.} Kf6 $1 {Accuracy: White = 64%, Black = 64%.} 1/2-1/2

[Event "28th WSCC Open 65 2018"]
[Site "Bled"]
[Date "2018.11.22"]
[Round "5"]
[White "Wahlbom, Magnus"]
[Black "Boehnisch, Manfred"]
[Result "1/2-1/2"]
[WhiteElo "2173"]
[BlackElo "2261"]
[Annotator "TA"]
[PlyCount "63"]
[EventDate "2018.11.17"]
[EventType "swiss"]
[EventCountry "SLO"]
[SourceTitle "playchess.com"]
[Source "ChessBase"]
[SourceQuality "1"]

{[%evp 17,63,-6,0,-36,-29,-30,-44,-52,-44,-51,-31,-23,-21,-41,48,47,55,-26,-22,-89,-83,-86,-90,-85,-41,-71,-64,-50,-40,-175,-89,-66,-83,-95,-22,-323,-67,-327,-344,-477,-223,-239,0,0,0,-214,0,0]} 1. e4 c6 2. d4 d5 3. Nd2 dxe4 4. Nxe4 Bf5 5. Ng3 Bg6 6. Nh3 Nf6 7. Nf4 Nbd7 {B18: Classical Caro-Kann: 4...Bf5 sidelines} 8. c3 e5 9. Nxg6 hxg6 {LiveBook: 8 Games} 10. Be2 $146 ({Predecessor:} 10. Be3 Bd6 11. Be2 Qc7 12. O-O Nd5 13. dxe5 Bxe5 14. Bd4 O-O-O 15. Bf3 Bxd4 16. Qxd4 {0-1 (26) Wieczorek,O (2463)-Navara,D (2740) Katowice 2017}) 10... exd4 11. Qxd4 Bc5 12. Qc4 Qe7 {aiming for ...Ne5.} 13. O-O Ne5 14. Qa4 $1 Nd5 15. Ne4 $1 Qh4 ({Black should play} 15... Bb6 $15) 16. h3 $14 {Threatens to win with Bg5.} Be7 {Strongly threatening ...f5.} 17. f4 (17. Qd4 $14 Nf6 18. Nxf6+ (18. Qxe5 Qxe4 19. Qxe4 Nxe4 $14) 18... gxf6 19. Be3) 17... Nd7 $11 {...f5 is the strong threat.} 18. c4 (18. Qc4 $11 {keeps the balance.}) 18... Nc5 $17 19. Nxc5 Bxc5+ 20. Kh2 Nf6 21. b4 Bd4 $40 {[%mdl 128] Black mounts an attack.} 22. Rb1 $1 Ne4 23. Rf3 (23. Qa3 $15) 23... O-O-O ({Don't do} 23... Qe1 24. Be3 $15) ({Better is} 23... Nc3 $19 24. Qc2 Qe1) 24. Qc2 f5 {Hoping for ...g5.} 25. Bf1 Nf2 (25... Rd7 $17 26. Bd3 Nf2) 26. Rbb3 $2 {[%mdl 8192]} (26. c5 $11 {and White is okay.}) 26... Ng4+ $1 $19 27. Kh1 {[#]} Qe1 $1 28. Bb2 Be3 (28... Bf2 $142 {[%cal Re1f1]} 29. Qe2 Rd1 30. Qxe1 Rxe1 31. Rxf2 {[%mdl 64] Remove Defender} Nxf2+ 32. Kg1 Ne4) 29. Qe2 Nf2+ 30. Kh2 $1 Ng4+ $1 31. Kh1 {[#]} Nf2+ $2 (31... Rd1 $1 $19 {( -> ...Qxe2)} 32. Qxe1 Rxe1) 32. Kh2 $1 {Accuracy: White = 43%, Black = 49%.} 1/2-1/2

[Event "28th WSCC Open 65 2018"]
[Site "Bled"]
[Date "2018.11.22"]
[Round "5"]
[White "Iudicello, Giovanni"]
[Black "Barle, Janez"]
[Result "0-1"]
[WhiteElo "2138"]
[BlackElo "2259"]
[Annotator "NA RC"]
[PlyCount "88"]
[EventDate "2018.11.17"]
[EventType "swiss"]
[EventCountry "SLO"]
[SourceTitle "playchess.com"]
[Source "ChessBase"]
[SourceQuality "1"]
[TimeControl "40/5400+30:1800+30"]

1. Nf3 {[%emt 0:00:00]} Nc6 {[%emt 0:00:30]} 2. g3 {[%emt 0:00:53]} d5 {[%emt 0:02:22]} 3. Bg2 {[%emt 0:01:14]} Nf6 {[%emt 0:03:37]} 4. d3 {[%emt 0:00:30]} e5 {[%emt 0:00:26]} 5. O-O {[%emt 0:00:34]} Be7 {[%emt 0:00:34]} 6. e4 {[%emt 0:16:25] A07: Réti Opening: New York and Capablanca Systems} (6. c4 O-O 7. cxd5 Nxd5 8. Nc3 Nb6 9. Be3 Re8 10. Rc1 Bf8 11. Na4 Nd4 12. Nc5 c6 13. Nb3 Nxb3 14. Qxb3 Be6 15. Qc2 Nd5 16. Bd2 f6 17. a3 a5 18. e4 Nc7 19. Be3 Nb5 20. Rfd1 {1-0 (36) Nakamura,H (2786)-Grigoriants,S (2576) chess.com INT 2017}) 6... dxe4 {[%emt 0:18:15]} 7. dxe4 {[%emt 0:00:30]} Bg4 {[%emt 0:05:53]} 8. Qxd8+ $146 {[%emt 0:15:14]} ({Predecessor:} 8. Nbd2 Qd7 9. c3 Bh3 10. Qb3 Bxg2 11. Kxg2 O-O-O 12. Qc2 h5 13. h4 Nh7 {0-1 (37) Pan,S-Xiao,Y (2226) Zhongshan 2015}) 8... Rxd8 {[%emt 0:00:22]} 9. Nbd2 {[%emt 0:09:52]} Nb4 {[%emt 0:12:48]} 10. c3 {[%emt 0:01:19]} Nd3 {[%emt 0:04:08]} 11. Nc4 {[%emt 0:13:04]} Bxf3 {[%emt 0:23:15]} ({Much worse is} 11... Nxe4 $6 12. Nfxe5 {[%mdl 64] Discovered Attack} Nexf2 13. Rxf2 $14) 12. Bxf3 {[%emt 0:00:11]} b5 {[%emt 0:00:31] [#]} 13. Ne3 {[%emt 0:07:13]} ({White should try} 13. Na5 $1 $16) 13... Bc5 {[%emt 0:00:24]} 14. Nc2 {[%emt 0:03:14]} ({White should try} 14. b4 $14 Bb6 15. a4) 14... Nxc1 {[%emt 0:01:31]} 15. Raxc1 {[%emt 0:00:05]} Rd2 {[%emt 0:00:10]} 16. Nb4 {[%emt 0:06:03]} Bb6 {[%emt 0:06:51]} 17. Rc2 {[%emt 0:00:28]} Rd6 {[%emt 0:00:22]} 18. Re2 {[%emt 0:00:59]} c6 {[%emt 0:00:29]} 19. Nc2 {[%emt 0:00:41]} Ke7 {[%emt 0:00:27]} 20. Rfe1 {[%emt 0:01:34]} Rhd8 {[%emt 0:00:24]} 21. Ne3 {[%emt 0:01:13]} g6 {[%emt 0:00:31]} 22. Kg2 {[%emt 0:00:42]} Rd3 {[%emt 0:01:02]} 23. Ng4 {[%emt 0:02:15] [#]} Nd7 $1 {[%emt 0:00:11]} 24. Rc2 {[%emt 0:02:46]} f6 {[%emt 0:01:36]} 25. Be2 {[%emt 0:02:46]} Rd6 {[%emt 0:00:19]} 26. f3 {[%emt 0:00:50]} Nc5 {[%emt 0:00:44]} 27. Nf2 {[%emt 0:03:08]} Rd2 {[%emt 0:00:35]} 28. Rec1 {[%emt 0:01:48]} Ne6 {[%emt 0:00:33]} 29. Nd1 {[%emt 0:01:24]} h5 {[%emt 0:01:24]} 30. Kf1 {[%emt 0:00:08]} h4 {[%emt 0:00:42]} 31. Ke1 {[%emt 0:02:43]} hxg3 {[%emt 0:03:36]} 32. hxg3 {[%emt 0:00:15]} R2d7 {[%emt 0:00:44]} 33. Bf1 {[%emt 0:03:28]} Rh8 {[%emt 0:01:17]} 34. Bg2 {[%emt 0:00:32]} Rh2 {[%emt 0:01:57]} 35. Kf1 {[%emt 0:00:37]} Ng7 {[%emt 0:01:06]} 36. Nf2 {[%emt 0:00:45]} Rd8 {[%emt 0:01:46]} 37. Rd1 {[%emt 0:01:32]} Rxd1+ {[%emt 0:00:53]} 38. Nxd1 {[%emt 0:00:04]} Nh5 {[%emt 0:00:13]} 39. g4 {[%emt 0:00:24]} Nf4 {[%emt 0:01:12]} 40. Rd2 {[%emt 0:00:00]} Ke6 {[%emt 0:00:00]} 41. b3 {[%emt 0:04:56]} Kf7 {[%emt 0:04:07]} 42. c4 $19 {[%emt 0:09:16]} bxc4 {[%emt 0:06:11]} 43. bxc4 {[%emt 0:00:42]} Bd4 {[%emt 0:00:31]} 44. Nb2 {[%emt 0:02:06]} Rxg2 {[%emt 0:00:31]} 0-1